A research on the pines of Australia /

Bibliographic Details
Main Author: Baker, Richard Thomas, 1854-1941
Other Authors: Smith, Henry George, 1852-
Format: Book
Language:English
Published: Sydney : W. A. Gullick, government printer, 1910.
Series:Technical education series ; no. 16.
Subjects:

MARC

Tag First Indicator Second Indicator Subfields
LEADER 00000cam a2200000 4500
001 in00000018279
005 20151007053211.0
008 770401s1910 at abf b 00110 eng d
010 |a agr11001394  
035 |a (OCoLC)02853836 
035 |9 AAB0766AM 
040 |a U.S. Dept. of Agr. Libr.  |c SMI  |d TXA  |d UtOrBLW 
049 |a TXAM  |c [A11071354] 
050 0 0 |a QK495.C75  |b B2 
082 0 |a 452.3 
100 1 |a Baker, Richard Thomas,  |d 1854-1941. 
245 1 2 |a A research on the pines of Australia /  |c by Richard T. Baker ... and Henry G. Smith ... Pub. by authority of the government of the state of New South Wales. 
264 1 |a Sydney :  |b W. A. Gullick, government printer,  |c 1910. 
300 |a xiv, 458 pages, 26 unnumbered leaves of plates :  |b illustrations (some color), color maps ;  |c 32 cm. 
336 |a text  |b txt  |2 rdacontent 
337 |a unmediated  |b n  |2 rdamedia 
338 |a volume  |b nc  |2 rdacarrier 
490 1 |a Technical education series ;  |v no. 16 
500 |a Errata slip inserted. 
504 |a Includes bibliographical references and index. 
650 0 |a Pine. 
650 0 |a Trees  |z Australia. 
700 1 |a Smith, Henry George,  |d 1852- 
830 0 |a Technical education series ;  |v no. 16. 
999 |a MARS 
999 f f |s c4aa4b12-5386-3914-926a-a296bb7c3fbe  |i a28d59ba-e2ea-3185-aa12-93fc39301e11  |t 0 
952 f f |p ric  |a Texas A&M University  |b Rellis Campus  |c Joint Library Facility  |d Remote Storage  |t 0  |e QK495.C75 B2  |h Library of Congress classification  |i unmediated -- volume  |m A14811071354 
998 f f |a QK495.C75 B2  |t 0  |l Remote Storage